000 00867nam a2200217 a 4500
008 120416s1998 ||||||||||||||||| || u
020 _a0750626763
050 _aHD 66 Bel
100 _aBelbin, R. Meredith
245 1 0 _aManagement teams
246 _awhy they succeed or fail
260 _aOxford
_bButterworth-Heinemann
_c1998
300 _axii, 171 p. : ill.
350 _a0.00
500 _aOriginally published: New York : Wiley, 1981. -Includes bibliographical references (p. [162]) and index.
650 _aTEAMS IN THE WORKPLACE
650 0 _aMANAGEMENT
856 _uhttp://www.loc.gov/catdir/toc/els032/96163175.html
856 _uhttp://www.loc.gov/catdir/description/els032/96163175.html
995 _D0.00
_FCBU-MAIN LIBRARY (Kitwe)
_H1
_I0.00
_M1
_UAVAILABLE
_ZMain Library Open Access Collection
999 _c50033
_d50033